Cartas en el asunto / (Registro nro. 30482)

Detalles MARC
000 -LÍDER
campo de control de longitud fija 01559nam a22002657a 4500
003 - IDENTIFICADOR DE NÚMERO DE CONTROL
campo de control OSt
005 - FECHA Y HORA DE LA ÚLTIMA
campo de control 20250716161945.0
008 - ELEMENTOS DE DATOS DE LONGITUD FIJA - INFORMACIÓN GENERAL
campo de control de longitud fija 231219b |||||||| |||| 00| 0 eng d
020 ## - NÚMERO INTERNACIONAL NORMALIZADO DEL LIBRO
Número de libro estándar internacional 9789585125353
037 ## - FUENTE DE ADQUISICIÓN
Materials specified Donación
040 ## - FUENTE DE CATALOGACIÓN
Agencia de catalogación original CO-JMCR
Agencia de transcripción CO-JMCR
Agencia modificadora CO-JMCR
Convenciones de descripción rda
041 ## - CÓDIGO DE IDIOMA
Código de idioma del texto/pista de sonido o título independiente spa
082 ## - NÚMERO DE CLASIFICACIÓN DECIMAL DEWEY
Número de clasificación A-C
Número de artículo MORc
100 ## - ENTRADA PRINCIPAL - NOMBRE PERSONAL
Nombre personal Moreno Durán, Rafael Humberto
Término relativo Autor
9 (RLIN) 43114
245 ## - DECLARACIÓN DEL TÍTULO
Título Cartas en el asunto /
Declaración de responsabilidad, etc. G.H. Moreno-Durán
260 ## - PUBLICACIÓN, DISTRIBUCIÓN, ETC.
Lugar de publicación, distribución, etc. Bogotá:
Nombre del editor, distribuidor, etc. Secretaria distrital de cultura, recreacion y deporte,
Fecha de publicación, distribución, etc. 2022
300 ## - DESCRIPCIÓN FÍSICA
Medida 114 páginas
Dimensiones 24 cm
490 ## - DECLARACIÓN DE LA SERIE
Declaración de serie Leer para la vida
500 ## - NOTA GENERAL
Nota general Contiene datos biográficos del autor
520 ## - RESUMEN, ETC.
Resumen, etc Cartas en el asunto es una invitación a jugar y a reír en serio. Se trata de barajar cartas, interpretarlas, vaticinar con ellas, seguir la carta astral, comer a la carta, leer la carta magna, la carta secreta, sostener comunicación por carta, aclarar una situación o definirla; en fin, R. H. Moreno-Durán aprovechó el término para mostrar su carácter polisémico y la riqueza del lenguaje. En los seis cuentos de Cartas en el asunto, la baraja presenta diversos escenarios de Bogotá y, como si se tratara de un bestiario, se refiere a personajes de toda índole. Con juegos conjeturales y asociaciones libres, representa lo trágico y lo cómico en la vida del país y de cada uno.
650 ## - ENTRADA AÑADIDA DE ASUNTO - TÉRMINO TEMÁTICO
Fuente del encabezado o término JMCR
-- Cuentos colombianos
Subdivisión cronológica siglo xx
9 (RLIN) 39161
650 ## - ENTRADA AÑADIDA DE ASUNTO - TÉRMINO TEMÁTICO
Fuente del encabezado o término JMCR
-- Literatura colombiana
Subdivisión de formulario Cartas
9 (RLIN) 43115
650 ## - ENTRADA AÑADIDA DE ASUNTO - TÉRMINO TEMÁTICO
Fuente del encabezado o término JMCR
-- Escenarios urbanos
Subdivisión general Literatura
9 (RLIN) 43116
942 ## - ELEMENTOS DE ENTRADA AÑADIDOS (KOHA)
Source of classification or shelving scheme Dewey Decimal Classification
Tipo de artículo Koha Books
999 ## -
-- 30482
-- 16866
Existencias
Estado retirado